|
|
|
|
| LEADER |
01067ncm a22002772a 4500 |
| 001 |
000971196 |
| 003 |
CZ BrMZK |
| 005 |
20181002125519.0 |
| 007 |
qu |
| 008 |
091015s1960 xr |||||||||||||||||cze d |
| 040 |
|
|
|a BOA001
|b cze
|
| 072 |
|
7 |
|a 788
|x Hudba pro dechové nástroje
|2 Konspekt
|9 9
|
| 245 |
0 |
0 |
|a Lidová píseň Můj rodný dům
|h [hudebnina] :
|b waltz. Hostivická : polka / Jaroslav Tvrdý
|
| 250 |
|
|
|a 1. vyd. SNKLHU
|
| 260 |
|
|
|a Praha :
|b Státní nakladatelství krásné literatury, hudby a umění,
|c 1960
|
| 300 |
|
|
|a 23 hlasů
|
| 490 |
1 |
|
|a Dechová hudba ;
|v 284
|
| 700 |
1 |
|
|a Tvrdý, Jaroslav
|7 jx20090908077
|4 cmp
|
| 740 |
0 |
2 |
|a Hostivická
|
| 740 |
0 |
2 |
|a Můj rodný dům
|
| 830 |
|
0 |
|a Dechová hudba (Státní nakladatelství krásné literatury, hudby a umění)
|
| 910 |
|
|
|a BOA001
|b Mus1-0443.756
|
| 990 |
|
|
|a MU
|
| 991 |
|
|
|b 200910
|
| 996 |
6 |
|
|b 2619441118
|c Mus1-0443.756
|l MZK
|r Sklad / do 1 hodiny
|n 0
|w 000971196
|u 000020
|a 1
|e BOA001
|j MZK50
|s P
|
| 996 |
7 |
|
|b 2619441119
|c Mus1-0443.756
|l MZK
|r Sklad / do 1 hodiny
|n 0
|w 000971196
|u 000010
|a 1
|e BOA001
|j MZK50
|s A
|